Príjmy, výdavky a spotreba súkromných domácností SR 2008

Enregistré dans:
Détails bibliographiques
Format: Livre
Langue:slovaque
anglais
Publié: Bratislava Štatistický úrad Slovenskej republiky 2009
Collection:Demografia a sociálna štatistika
Sujets:
Tags: Ajouter un tag
Pas de tags, Soyez le premier à ajouter un tag!

MARC

LEADER 00000nam$a2200000$$$4500
001 0104482
005 20251209071309.7
041 0 |a slo 
041 0 |a eng 
044 |a SK 
245 1 0 |a Príjmy, výdavky a spotreba súkromných domácností SR 2008 
264 1 |a Bratislava  |b Štatistický úrad Slovenskej republiky  |c 2009 
300 |a 142 s. 
490 1 |a Demografia a sociálna štatistika 
830 0 |a Demografia a sociálna štatistika 
610 2 0 |a Slovensko 
610 2 0 |a domácnosti 
610 2 0 |a príjmy domácností 
610 2 0 |a výdavky domácností 
610 2 0 |a spotreba domácností